<?xml version="1.0" encoding="UTF-8"?>
<record
    xmlns:xsi="http://www.w3.org/2001/XMLSchema-instance"
    xsi:schemaLocation="http://www.loc.gov/MARC21/slim http://www.loc.gov/standards/marcxml/schema/MARC21slim.xsd"
    xmlns="http://www.loc.gov/MARC21/slim">

  <leader>01020nam a22002055i 4500</leader>
  <controlfield tag="001">161473</controlfield>
  <controlfield tag="003">ES-MaACL</controlfield>
  <controlfield tag="005">20250716063320.0</controlfield>
  <controlfield tag="008">041019s1858    fr           |||| | fre d</controlfield>
  <datafield tag="040" ind1=" " ind2=" ">
    <subfield code="a">CAM </subfield>
    <subfield code="b">spa </subfield>
    <subfield code="c">CAM</subfield>
  </datafield>
  <datafield tag="100" ind1="1" ind2=" ">
    <subfield code="a">Pascal, Blaise,</subfield>
    <subfield code="d">1623-1662</subfield>
    <subfield code="9">89307</subfield>
  </datafield>
  <datafield tag="245" ind1="1" ind2="0">
    <subfield code="a">Pens&#xE9;es de Pascal </subfield>
    <subfield code="b">: &#xE9;dition variorum d'apr&#xE9;s le texte du manuscrit autographe contenant les lettres et opuscules, l'histoire des &#xE9;ditions des pens&#xE9;es. La vie de Pascal par sa soeur / </subfield>
    <subfield code="c">des notes choisies et in&#xE9;dites et un index complet par Charles Louandre.</subfield>
  </datafield>
  <datafield tag="260" ind1=" " ind2=" ">
    <subfield code="a">Paris : </subfield>
    <subfield code="b">Charpentier, libraire-&#xE9;diteur, </subfield>
    <subfield code="c">1858 (</subfield>
    <subfield code="f">Imprimerie de P.-A. Bourdier et Cie)</subfield>
  </datafield>
  <datafield tag="300" ind1=" " ind2=" ">
    <subfield code="a">613 p. ; </subfield>
    <subfield code="c">18 cm.</subfield>
  </datafield>
  <datafield tag="490" ind1="1" ind2=" ">
    <subfield code="a">Collection des Classiques fran&#xE7;ais des XVI, XVII et XVIII si&#xE8;cles</subfield>
  </datafield>
  <datafield tag="700" ind1="0" ind2=" ">
    <subfield code="a">Louandre, Charles.</subfield>
    <subfield code="9">74310</subfield>
  </datafield>
  <datafield tag="830" ind1="0" ind2=" ">
    <subfield code="a">Collection des Classiques fran&#xE7;ais des XVI, XVII et XVIII si&#xE8;cles</subfield>
    <subfield code="9">222117</subfield>
  </datafield>
  <datafield tag="852" ind1=" " ind2=" ">
    <subfield code="a">ES-MaACL</subfield>
    <subfield code="j">D-2685 </subfield>
    <subfield code="z">-- Enc. hol. </subfield>
    <subfield code="z">-- Legado M. de La Fuente</subfield>
  </datafield>
  <datafield tag="999" ind1=" " ind2=" ">
    <subfield code="c">161473</subfield>
    <subfield code="d">161473</subfield>
  </datafield>
  <datafield tag="952" ind1=" " ind2=" ">
    <subfield code="0">0</subfield>
    <subfield code="1">0</subfield>
    <subfield code="4">0</subfield>
    <subfield code="7">0</subfield>
    <subfield code="8">LIBXIX</subfield>
    <subfield code="a">ATENEOM</subfield>
    <subfield code="b">ATENEOM</subfield>
    <subfield code="c">SVI</subfield>
    <subfield code="d">2008-01-17</subfield>
    <subfield code="e">SSC</subfield>
    <subfield code="l">0</subfield>
    <subfield code="o">D-2685</subfield>
    <subfield code="p">901169137</subfield>
    <subfield code="r">2023-02-23 00:00:00</subfield>
    <subfield code="w">2023-02-23</subfield>
    <subfield code="y">MONANT</subfield>
  </datafield>
</record>
